Corporate and other laws / (Record no. 128367)

MARC details
000 -LEADER
fixed length control field 00699nam a22002417a 4500
005 - DATE AND TIME OF LATEST TRANSACTION
control field 20170124110038.0
010 ## - LIBRARY OF CONGRESS CONTROL NUMBER
LC control number A-704151
020 ## - INTERNATIONAL STANDARD BOOK NUMBER
Terms of availability 00.00
International Standard Book Number 8122406637
035 ## - SYSTEM CONTROL NUMBER
System control number A-704151
037 ## - SOURCE OF ACQUISITION
Source of stock number/acquisition Cen Lib/Ret
040 ## - CATALOGING SOURCE
Original cataloging agency DPL
Language of cataloging EN
082 ## - DEWEY DECIMAL CLASSIFICATION NUMBER
Classification number 346.066
Item number GUL
100 ## - MAIN ENTRY--PERSONAL NAME
Personal name Gulshan, S.S.
9 (RLIN) 16056
245 ## - TITLE STATEMENT
Title Corporate and other laws /
Statement of responsibility, etc by S.S. Gulshan [and] G.K. Kapoor
250 ## - EDITION STATEMENT
Edition statement 3rd ed
260 ## - PUBLICATION, DISTRIBUTION, ETC. (IMPRINT)
Place of publication, distribution, etc New Delhi
Name of publisher, distributor, etc Wiley eastern
Date of publication, distribution, etc 1994
270 ## - ADDRESS
Address 4835/24, Ansari road Daryaganj
City New Delhi
Postal code 110002
300 ## - PHYSICAL DESCRIPTION
Extent xii,353p.
Dimensions 22cm(Hb)
650 ## - SUBJECT ADDED ENTRY--TOPICAL TERM
Topical term or geographic name as entry element Law
9 (RLIN) 104
650 ## - SUBJECT ADDED ENTRY--TOPICAL TERM
Topical term or geographic name as entry element Corporate law
9 (RLIN) 23184
700 ## - ADDED ENTRY--PERSONAL NAME
Personal name Kapoor, G.K.
9 (RLIN) 1186
942 ## - ADDED ENTRY ELEMENTS (KOHA)
Source of classification or shelving scheme Dewey Decimal Classification
Koha item type English Books
Classification part 346.066
Call number suffix GUL
Holdings
Withdrawn status Lost status Damaged status Not for loan Home library Current library Date acquired Source of acquisition Cost, normal purchase price Total Checkouts Full call number Barcode Date last seen Copy number Cost, replacement price Price effective from Koha item type Public note
Written off       Central Library Central Library 02/07/2015 Cen Lib/Ret 0.00   346.066 GUL A-704151 02/07/2015 1 0.00 02/07/2015 English Books W/d List No. 8131/13; dtd 20.2.2017

© Delhi Public Library
Hit Counter
free hit counter